000 00765nam a2200205 i 4500
001 150540
003 ES-MaACL
005 20230906203549.0
007 t|
008 071031s1971 sp b |||| | spa d
080 _a394:248.153.8(461.11S)(094.56)
100 1 _aValiña Sampedro, Elías.
_9112704
245 1 3 _aEl Camino de Santiago
_b: estudio histórico-jurídico /
_cElías Valiña Sampedro.
260 _aMadrid :
_bC.S.I.C. :
_bInstituto Enrique Flórez,
_c1971.
300 _aXXII, 267 p., 1 mapa pleg. ;
_c24 cm.
650 4 _aPeregrinaciones cristianas-
_zSantiago de Compostela.
_915937
651 4 _aCamino de Santiago-
_xHistoria.
_97934
710 2 _aInstituto de Historia Eclesiástica "Padre Enrique Flórez"
_94954
852 _aES-MaACL
_jC-37628
999 _c150540
_d150540